Osborn's concise law dictionary

Bibliographic Details
Other Authors: Bone, Sheila, Rutherford, Leslie
Format: Book
Published: London : Sweet & Maxwell , 1993
Edition:8th. ed.
Subjects:

MARC

LEADER 00000cam a2200000 7i4500
001 0000006329
005 20161109.0
020 |a 0421389001 
040 |a INS 
090 0 0 |a KD313.   |b O8 1993 
245 0 0 |a Osborn's concise law dictionary   |c edited by Leslie Rutherford, Sheila Bone 
250 |a 8th. ed. 
260 |a London :   |b Sweet & Maxwell ,   |c 1993 
300 |a 392p ;   |c 21cm. 
650 0 0 |a Law   |x Dictionaries 
700 1 |a Bone, Sheila 
700 1 |a Rutherford, Leslie 
999 |a 0000005337   |b BOOK   |c Reference   |e Default branch 
999 |a 0000023290   |b BOOK   |c Open Shelf   |e Default branch